Gender, migration and urban development in Costa Rica: the case of Guanacaste
Uloženo v:
| Hlavní autor: | |
|---|---|
| Médium: | Text |
| Vydáno: |
Londres:
Pergamon Press
|
| Tagy: |
Přidat tag
Žádné tagy, Buďte první, kdo vytvoří štítek k tomuto záznamu!
|
MARC
| LEADER | 00000 a a2200000 04500 | ||
|---|---|---|---|
| 001 | 24809 | ||
| 003 | |||
| 040 | |a CRAI/IIS |c CRAI/IIS | ||
| 090 | |a 178500 | ||
| 100 | |a Chant, Sylvia H | ||
| 245 | |a Gender, migration and urban development in Costa Rica: the case of Guanacaste | ||
| 260 | |a Londres: |b Pergamon Press | ||
| 300 | |a 253 p. | ||
| 999 | |c 17789 |d 17789 | ||
